Statistics for L Footballers

Click here to take the quiz!

General Stats

  • This quiz has been taken 20 times
  • The average score is 8 of 20

Answer Stats

HintAnswer% Correct
Chelseas top goalscorerLampard
82%
Last person to lift World CupLahm
76%
Chelseas Brazilian defenderLuiz
76%
Name of famous Danish brothersLaudrup
71%
Ex Arsenal keeper with bad temperLehmann
71%
World Cup hero of 86 now on BBCLineker
71%
Englands Liverpool midfielderLallana
65%
Ex Liverpool with 137 Finnish capsLitmanen
41%
Arguably Frances greatest left backLizarazu
41%
Wales and Crystal Palace midfielderLedley
35%
The greatest player from Channel IslandsLe Tissier
35%
West Ham keeper who won World Cup in 1998Lama
29%
Scored winner in last FA Cup finalLingard
24%
Northern Irelands second top scorerLafferty
18%
Brazilian with most PL appearancesLucas
18%
Ex Macclesfield man who played in last World Cup for EnglandLambert
6%
Scored extra time winner in FA Cup final 1993Linighan
6%
Played in 3 succesive World Cup finals with GermanyLittbarski
6%
First Arsenal keeper to win title under GrahamLukic
6%
Played up front with Kempes in 1978Luque
0%

Score Distribution

Percentile by Number Answered

Percent of People with Each Score

Your Score History

You have not taken this quiz